<?xml version="1.0" encoding="UTF-8"?>
<collection xmlns="http://www.loc.gov/MARC21/slim">
 <record>
  <leader>02546nam a22003137a 4500</leader>
  <controlfield tag="001">NCT_42592</controlfield>
  <controlfield tag="008">180616b        xxu||||| |||| 00| 0 vie d</controlfield>
  <datafield tag="999" ind1=" " ind2=" ">
   <subfield code="c">2042</subfield>
   <subfield code="d">2042</subfield>
  </datafield>
  <datafield tag="020" ind1=" " ind2=" ">
   <subfield code="c">53000</subfield>
  </datafield>
  <datafield tag="082" ind1="0" ind2="4">
   <subfield code="2">23rd ed.</subfield>
   <subfield code="a">155.24</subfield>
   <subfield code="b">An555</subfield>
  </datafield>
  <datafield tag="100" ind1="1" ind2=" ">
   <subfield code="a">Kukla,  André</subfield>
  </datafield>
  <datafield tag="245" ind1="1" ind2="0">
   <subfield code="a">Những cạm bẫy tư duy = </subfield>
   <subfield code="b">Mental Traps : Phương pháp tư duy giúp bạn thành công và hạnh phúc</subfield>
   <subfield code="c">André Kukla ; Phan Thu (dịch)</subfield>
  </datafield>
  <datafield tag="250" ind1=" " ind2=" ">
   <subfield code="a">Tái bản lần thứ nhất</subfield>
  </datafield>
  <datafield tag="260" ind1=" " ind2=" ">
   <subfield code="a">TP Hồ chí minh</subfield>
   <subfield code="b">Tổng hợp TP Hồ chí minh</subfield>
   <subfield code="c">2011</subfield>
  </datafield>
  <datafield tag="300" ind1=" " ind2=" ">
   <subfield code="a">223tr.</subfield>
   <subfield code="c">21cm</subfield>
  </datafield>
  <datafield tag="520" ind1="3" ind2=" ">
   <subfield code="a">Nội dung quyển sách này, André Kukla sẽ giúp chúng ta tránh các thói quen tư duy có hại - những thói quen mà đôi khi chúng ta không nhận biết được và khiến cho chúng ta rơi vào tình trạng bực bội, khó chịu vì lãng phí thời gian...</subfield>
  </datafield>
  <datafield tag="653" ind1=" " ind2=" ">
   <subfield code="a">Quan hệ công chúng</subfield>
  </datafield>
  <datafield tag="700" ind1=" " ind2=" ">
   <subfield code="a">Phan Thu</subfield>
   <subfield code="e">người dịch</subfield>
  </datafield>
  <datafield tag="942" ind1=" " ind2=" ">
   <subfield code="2">ddc</subfield>
   <subfield code="c">BK</subfield>
  </datafield>
  <datafield tag="952" ind1=" " ind2=" ">
   <subfield code="0">0</subfield>
   <subfield code="1">0</subfield>
   <subfield code="2">ddc</subfield>
   <subfield code="4">0</subfield>
   <subfield code="6">155_240000000000000_AN555</subfield>
   <subfield code="7">0</subfield>
   <subfield code="9">10958</subfield>
   <subfield code="a">000001</subfield>
   <subfield code="b">000001</subfield>
   <subfield code="d">2018-06-16</subfield>
   <subfield code="o">155.24 An555</subfield>
   <subfield code="p">MD.05389</subfield>
   <subfield code="r">2018-06-16</subfield>
   <subfield code="v">53000.00</subfield>
   <subfield code="w">2018-06-16</subfield>
   <subfield code="y">BK</subfield>
  </datafield>
  <datafield tag="952" ind1=" " ind2=" ">
   <subfield code="0">0</subfield>
   <subfield code="1">0</subfield>
   <subfield code="2">ddc</subfield>
   <subfield code="4">0</subfield>
   <subfield code="6">155_240000000000000_AN555</subfield>
   <subfield code="7">0</subfield>
   <subfield code="9">10964</subfield>
   <subfield code="a">000001</subfield>
   <subfield code="b">000001</subfield>
   <subfield code="d">2018-06-16</subfield>
   <subfield code="l">1</subfield>
   <subfield code="o">155.24 An555</subfield>
   <subfield code="p">MD.05391</subfield>
   <subfield code="r">2020-05-27</subfield>
   <subfield code="s">2020-05-16</subfield>
   <subfield code="v">53000.00</subfield>
   <subfield code="w">2018-06-16</subfield>
   <subfield code="y">BK</subfield>
  </datafield>
  <datafield tag="952" ind1=" " ind2=" ">
   <subfield code="0">0</subfield>
   <subfield code="1">0</subfield>
   <subfield code="2">ddc</subfield>
   <subfield code="4">0</subfield>
   <subfield code="6">155_240000000000000_AN555</subfield>
   <subfield code="7">0</subfield>
   <subfield code="9">10965</subfield>
   <subfield code="a">000001</subfield>
   <subfield code="b">000001</subfield>
   <subfield code="d">2018-06-16</subfield>
   <subfield code="l">2</subfield>
   <subfield code="o">155.24 An555</subfield>
   <subfield code="p">MD.05395</subfield>
   <subfield code="r">2020-07-17</subfield>
   <subfield code="s">2020-07-09</subfield>
   <subfield code="v">53000.00</subfield>
   <subfield code="w">2018-06-16</subfield>
   <subfield code="y">BK</subfield>
  </datafield>
  <datafield tag="952" ind1=" " ind2=" ">
   <subfield code="0">0</subfield>
   <subfield code="1">0</subfield>
   <subfield code="2">ddc</subfield>
   <subfield code="4">0</subfield>
   <subfield code="6">155_240000000000000_AN555</subfield>
   <subfield code="7">0</subfield>
   <subfield code="9">10969</subfield>
   <subfield code="a">000001</subfield>
   <subfield code="b">000001</subfield>
   <subfield code="d">2018-06-16</subfield>
   <subfield code="l">1</subfield>
   <subfield code="o">155.24 An555</subfield>
   <subfield code="p">MD.05397</subfield>
   <subfield code="r">2018-11-15</subfield>
   <subfield code="s">2018-11-02</subfield>
   <subfield code="v">53000.00</subfield>
   <subfield code="w">2018-06-16</subfield>
   <subfield code="y">BK</subfield>
  </datafield>
  <datafield tag="952" ind1=" " ind2=" ">
   <subfield code="0">0</subfield>
   <subfield code="1">0</subfield>
   <subfield code="2">ddc</subfield>
   <subfield code="4">0</subfield>
   <subfield code="6">155_240000000000000_AN555</subfield>
   <subfield code="7">0</subfield>
   <subfield code="9">10970</subfield>
   <subfield code="a">000001</subfield>
   <subfield code="b">000001</subfield>
   <subfield code="d">2018-06-16</subfield>
   <subfield code="o">155.24 An555</subfield>
   <subfield code="p">MD.05546</subfield>
   <subfield code="r">2018-06-16</subfield>
   <subfield code="v">53000.00</subfield>
   <subfield code="w">2018-06-16</subfield>
   <subfield code="y">BK</subfield>
  </datafield>
  <datafield tag="952" ind1=" " ind2=" ">
   <subfield code="0">0</subfield>
   <subfield code="1">0</subfield>
   <subfield code="2">ddc</subfield>
   <subfield code="4">0</subfield>
   <subfield code="6">155_240000000000000_AN555</subfield>
   <subfield code="7">0</subfield>
   <subfield code="9">10971</subfield>
   <subfield code="a">000001</subfield>
   <subfield code="b">000001</subfield>
   <subfield code="d">2018-06-16</subfield>
   <subfield code="o">155.24 An555</subfield>
   <subfield code="p">MD.08977</subfield>
   <subfield code="r">2018-06-16</subfield>
   <subfield code="v">53000.00</subfield>
   <subfield code="w">2018-06-16</subfield>
   <subfield code="y">BK</subfield>
  </datafield>
  <datafield tag="952" ind1=" " ind2=" ">
   <subfield code="0">0</subfield>
   <subfield code="1">0</subfield>
   <subfield code="2">ddc</subfield>
   <subfield code="4">0</subfield>
   <subfield code="6">155_240000000000000_AN555</subfield>
   <subfield code="7">0</subfield>
   <subfield code="9">10972</subfield>
   <subfield code="a">000001</subfield>
   <subfield code="b">000001</subfield>
   <subfield code="d">2018-06-16</subfield>
   <subfield code="o">155.24 An555</subfield>
   <subfield code="p">MD.05270</subfield>
   <subfield code="r">2018-06-16</subfield>
   <subfield code="v">53000.00</subfield>
   <subfield code="w">2018-06-16</subfield>
   <subfield code="y">BK</subfield>
  </datafield>
  <datafield tag="952" ind1=" " ind2=" ">
   <subfield code="0">0</subfield>
   <subfield code="1">0</subfield>
   <subfield code="2">ddc</subfield>
   <subfield code="4">0</subfield>
   <subfield code="6">155_240000000000000_AN555</subfield>
   <subfield code="7">0</subfield>
   <subfield code="9">10973</subfield>
   <subfield code="a">000001</subfield>
   <subfield code="b">000001</subfield>
   <subfield code="d">2018-06-16</subfield>
   <subfield code="o">155.24 An555</subfield>
   <subfield code="p">MD.05542</subfield>
   <subfield code="r">2018-06-16</subfield>
   <subfield code="v">53000.00</subfield>
   <subfield code="w">2018-06-16</subfield>
   <subfield code="y">BK</subfield>
  </datafield>
  <datafield tag="952" ind1=" " ind2=" ">
   <subfield code="0">0</subfield>
   <subfield code="1">0</subfield>
   <subfield code="2">ddc</subfield>
   <subfield code="4">0</subfield>
   <subfield code="6">155_240000000000000_AN555</subfield>
   <subfield code="7">0</subfield>
   <subfield code="9">10974</subfield>
   <subfield code="a">000001</subfield>
   <subfield code="b">000001</subfield>
   <subfield code="d">2018-06-16</subfield>
   <subfield code="o">155.24 An555</subfield>
   <subfield code="p">MD.05279</subfield>
   <subfield code="r">2018-06-16</subfield>
   <subfield code="v">53000.00</subfield>
   <subfield code="w">2018-06-16</subfield>
   <subfield code="y">BK</subfield>
  </datafield>
  <datafield tag="980" ind1=" " ind2=" ">
   <subfield code="a">Thư viện Trường Đại học Nam Cần Thơ</subfield>
  </datafield>
 </record>
</collection>
